| 000 | 00895 a2200241 4500 | ||
|---|---|---|---|
| 020 | _a1586030663 (IOS Press : vol. 1) | ||
| 020 | _a1586030663 | ||
| 020 | _a1586030663 | ||
| 040 |
_aDLC _bDLC |
||
| 082 | 0 | 0 | _a621.382 |
| 245 | 1 | 0 |
_aProceedings of the European Conference on Networks and Optical Communications 2000 _ceditors, D.W. Faulkner and A.L. Harmer. |
| 246 | 3 | _aWDM and photonic networks | |
| 246 | 3 | _aBroadband access, WDM metro and network management | |
| 260 |
_aAmsterdam ; _aWashington, DC : _bIOS Press, _cc2000. |
||
| 300 |
_a2 v. : _bill. ; _c24 cm. |
||
| 505 | 0 | _aI. WDM and photonic networks -- II. Broadband access, WDM metro and network management. | |
| 650 | 0 | _aOptical communications | |
| 650 | 0 | _aBroadband communication systems | |
| 650 | 0 |
_aComputer networks _xManagement |
|
| 700 | 1 | _aFaulkner, D. W. | |
| 700 | 1 | _aHarmer, Alan. | |
| 942 |
_cBK _k621.382 FAU _2ddc |
||
| 999 |
_c8123 _d8123 |
||